000 00839nam a2200313 a 4500
003 AR-BaBNM
005 20251128205523.0
008 082120s2002 ||||||||||||||000 | spa||
020 _a950-9472-24-7
040 _cAR-BaBNM
245 0 0 _aLas letras de tango
_bantología cronológica : 1900-1980
260 _aRosario
_bFundación Ross
_c1995
300 _a498 p.
500 _aContiene índice alfabético por títulos en p. 489
650 4 _aLITERATURA POPULAR
650 4 _aLITERATURA ARGENTINA
650 4 _aANTOLOGIAS
650 4 _aCULTURAS POPULARES
650 4 _aESCRITORES
650 4 _aPARTITURAS MUSICALES
650 4 _aMUSICA POPULAR
651 4 _aArgentina
653 _aLUNFARDO
653 _aTANGO
655 _aLITERATURA
700 1 _aRomano, Eduardo
_ecompilador
942 _cBK
998 _cMARTIN
999 _c11731
_d11731